[Event "Titled Tuesday intern op 11th Jul Late"]
[Site "Chess.com INT"]
[Date "2023.07.11"]
[Round "6"]
[White "Munoz Misselis, Nelson Carlos"]
[Black "Thiel, Thomas"]
[Result "0-1"]
[WhiteElo "1730"]
[BlackElo "2195"]
[PlyCount "62"]
[EventDate "2023.07.11"]
[EventType "swiss (blitz)"]
[EventRounds "11"]
[EventCountry "USA"]
[SourceTitle "EXT 2024"]
[Source "ChessBase"]
[SourceDate "2023.10.10"]
[SourceVersion "1"]
[SourceVersionDate "2023.10.10"]
[SourceQuality "1"]

1. d4 d5 2. c4 dxc4 3. e3 e5 4. d5 Nf6 5. Bxc4 Bb4+ 6. Nc3 0-0 7. Nge2 Bg4 8. f3 Bh5 9. e4 c6 10. 0-0 cxd5 11. Nxd5 Nxd5 12. Bxd5 Nc6 13. a3 Bc5+ 14. Kh1 Rb8 15. b4 Bb6 16. Bb2 Qe7 17. Rc1 Rbd8 18. Qb3 Nd4 19. Nxd4 exd4 20. Qd3 Bg6 21. Rc4 Rxd5 22. Bxd4 Rxd4 23. Rxd4 Bxd4 24. Qxd4 b6 25. Rd1 h6 26. Rc1 Rd8 27. Qc4 Kh7 28. h3 f5 29. exf5 Bxf5 30. Qf4 Bg6 31. Rc8 Rxc8 0-1

[Event "Titled Tuesday intern op 11th Jul Late"]
[Site "Chess.com INT"]
[Date "2023.07.11"]
[Round "3"]
[White "Spichkin, Alexander"]
[Black "Munoz Misselis, Nelson Carlos"]
[Result "1-0"]
[WhiteElo "2052"]
[BlackElo "1730"]
[PlyCount "97"]
[EventDate "2023.07.11"]
[EventType "swiss (blitz)"]
[EventRounds "11"]
[EventCountry "USA"]
[SourceTitle "EXT 2024"]
[Source "ChessBase"]
[SourceDate "2023.10.10"]
[SourceVersion "1"]
[SourceVersionDate "2023.10.10"]
[SourceQuality "1"]

1. f4 d5 2. Nf3 e6 3. b3 Nf6 4. Bb2 g6 5. e3 Bg7 6. Be2 0-0 7. 0-0 c5 8. d3 Nc6 9. Qe1 b6 10. Qh4 Bb7 11. Qh3 Qc8 12. Nbd2 Re8 13. Ne5 Nd7 14. Nxc6 Bxc6 15. Bxg7 Kxg7 16. Nf3 h6 17. Ne5 Bb7 18. Rf2 Qd8 19. Raf1 Qe7 20. Ng4 h5 21. Ne5 Rad8 22. Bxh5 gxh5 23. Qxh5 Qf6 24. Rf3 Kf8 25. Rg3 Ke7 26. f5 Rh8 27. fxe6 Qxf1+ 28. Kxf1 Rxh5 29. Nxd7 Rxd7 30. exd7 Kxd7 31. h3 Ke7 32. Rg8 Rf5+ 33. Ke2 Kd7 34. g4 Rf6 35. h4 Rg6 36. Rb8 Kc7 37. Rf8 Rxg4 38. Rxf7+ Kb8 39. h5 Rh4 40. Rh7 a5 41. a4 Ka7 42. Kf3 Ka6 43. h6 d4+ 44. e4 Rh2 45. Kg3 Rxc2 46. Rxb7 Rc1 47. h7 Rh1 48. Rg7 Rh6 49. Kf4 1-0

[Event "Titled Tuesday intern op 27th Jun Late"]
[Site "Chess.com INT"]
[Date "2023.06.27"]
[Round "1"]
[White "Munoz Misselis, Nelson Carlos"]
[Black "Chor, Kevin"]
[Result "0-1"]
[WhiteElo "1730"]
[BlackElo "1944"]
[PlyCount "40"]
[EventDate "2023.06.27"]
[EventType "swiss (blitz)"]
[EventRounds "11"]
[EventCountry "USA"]
[SourceTitle "EXT 2024"]
[Source "ChessBase"]
[SourceDate "2023.10.10"]
[SourceVersion "1"]
[SourceVersionDate "2023.10.10"]
[SourceQuality "1"]

1. d4 Nf6 2. c4 g6 3. Nf3 Bg7 4. e3 0-0 5. Nc3 d6 6. Bd3 Nbd7 7. 0-0 b6 8. Qe2 Bb7 9. Bd2 e5 10. dxe5 dxe5 11. Bc2 Qe7 12. Rad1 Nc5 13. b3 a5 14. Nb5 Nfe4 15. Bxe4 Bxe4 16. Ne1 f5 17. f3 Bb7 18. Nc3 Rad8 19. Bc1 c6 20. Rxd8 Rxd8 0-1

[Event "Titled Tuesday intern op 02nd May Late"]
[Site "Chess.com INT"]
[Date "2023.05.02"]
[Round "6"]
[White "Munoz Misselis, Nelson Carlos"]
[Black "Rodriguez Santiago, Jaime"]
[Result "0-1"]
[WhiteElo "1730"]
[BlackElo "2026"]
[PlyCount "88"]
[EventDate "2023.05.02"]
[EventType "swiss (blitz)"]
[EventRounds "11"]
[EventCountry "USA"]
[SourceTitle "EXT 2024"]
[Source "ChessBase"]
[SourceDate "2023.10.10"]
[SourceVersion "1"]
[SourceVersionDate "2023.10.10"]
[SourceQuality "1"]

1. d4 Nf6 2. c4 e6 3. Nc3 Bb4 4. Bd2 0-0 5. Nf3 d5 6. e3 c5 7. dxc5 dxc4 8. Bxc4 Nc6 9. a3 Bxc5 10. Qe2 a6 11. 0-0 b5 12. Ba2 Bb7 13. Rfd1 Qe7 14. Rac1 Rac8 15. Bb1 Rfd8 16. Be1 Ba7 17. Rxd8+ Rxd8 18. Rd1 Rc8 19. h3 Bb8 20. g3 Qc7 21. Ne4 Nxe4 22. Bxe4 f5 23. Bb1 Ne7 24. Bc3 Qc6 25. e4 fxe4 26. Nd4 Qc4 27. Qg4 Ng6 28. Qxe6+ Qxe6 29. Nxe6 Be5 30. Nd4 Bb8 31. Ba2+ Kh8 32. Nf5 Be5 33. Rd7 Bc6 34. Ra7 Bxc3 35. bxc3 Ne5 36. Ne7 Nf3+ 37. Kg2 Ne1+ 38. Kf1 Rf8 39. Nxc6 Nd3 40. Rxa6 Rxf2+ 41. Kg1 h5 42. Be6 e3 43. g4 e2 44. Bb3 e1Q# 0-1

[Event "Titled Tuesday intern op 03rd Jan Late"]
[Site "Chess.com INT"]
[Date "2023.01.03"]
[Round "4"]
[White "Clawitter, Craig"]
[Black "Munoz Misselis, Nelson Carlos"]
[Result "1-0"]
[WhiteElo "2050"]
[BlackElo "1730"]
[PlyCount "81"]
[EventDate "2023.01.03"]
[EventType "swiss (blitz)"]
[EventRounds "11"]
[EventCountry "USA"]
[SourceTitle "EXT 2024"]
[Source "ChessBase"]
[SourceDate "2023.10.10"]
[SourceVersion "1"]
[SourceVersionDate "2023.10.10"]
[SourceQuality "1"]

1. e4 c5 2. Nf3 d6 3. d4 cxd4 4. Nxd4 Nf6 5. Nc3 a6 6. Be3 e5 7. Nb3 Be6 8. f3 Be7 9. Qd2 Nbd7 10. g4 0-0 11. 0-0-0 b5 12. Rg1 Rc8 13. g5 Nh5 14. Nd5 Bxd5 15. exd5 Nb6 16. Na5 Nc4 17. Bxc4 Rxc4 18. Nxc4 bxc4 19. Rg4 Qc7 20. Qc3 Rc8 21. Rf1 Bf8 22. f4 g6 23. f5 Qd7 24. Rxc4 Rxc4 25. Qxc4 gxf5 26. Qxa6 f4 27. Bd2 Be7 28. Qc6 Qh3 29. Qc4 Qxh2 30. a4 Ng3 31. Re1 Qg2 32. a5 Bxg5 33. a6 e4 34. a7 e3 35. a8Q+ Kg7 36. Bc3+ f6 37. Qb7+ Kh6 38. Qf7 f3 39. Bxf6 e2+ 40. Bxg5+ Kxg5 41. Qcf4# 1-0

[Event "Titled Tuesday intern op 03rd Jan Late"]
[Site "Chess.com INT"]
[Date "2023.01.03"]
[Round "2"]
[White "Novikov, Evgenij"]
[Black "Munoz Misselis, Nelson Carlos"]
[Result "1-0"]
[WhiteElo "2276"]
[BlackElo "1730"]
[PlyCount "67"]
[EventDate "2023.01.03"]
[EventType "swiss (blitz)"]
[EventRounds "11"]
[EventCountry "USA"]
[SourceTitle "EXT 2024"]
[Source "ChessBase"]
[SourceDate "2023.10.10"]
[SourceVersion "1"]
[SourceVersionDate "2023.10.10"]
[SourceQuality "1"]

1. e4 d6 2. d4 Nf6 3. Nc3 e5 4. Nf3 Nbd7 5. Bc4 Be7 6. g4 g6 7. Rg1 0-0 8. Bh6 Re8 9. Bxf7+ Kxf7 10. Ng5+ Kg8 11. Ne6 Nb6 12. Nxd8 Bxd8 13. dxe5 Rxe5 14. Bf4 Re8 15. Qd3 Nxg4 16. f3 Ne5 17. Bxe5 Rxe5 18. 0-0-0 Be6 19. f4 Ra5 20. f5 Bf7 21. fxg6 hxg6 22. Nd5 c6 23. Nf4 g5 24. h4 Rxa2 25. hxg5 Ra1+ 26. Kd2 Rxd1+ 27. Kxd1 Nc4 28. Qc3 Ba5 29. Qf6 Ne3+ 30. Kc1 Rf8 31. Rh1 Bh5 32. Qe6+ Bf7 33. Qh6 Bc4 34. Qh7# 1-0